Online
Catalog

Impacto Ley número 155-17, contra lavado de activos y financiamiento del terrorismo, en los sujetos obligados financieros y no financieros República Dominicana / (Record no. 57360)

MARC details
000 -CABECERA
campo de control de longitud fija 02076nam a2200337 i 4500
003 - IDENTIFICADOR DEL NÚMERO DE CONTROL
campo de control DO-SdBNP
005 - FECHA Y HORA DE LA ÚLTIMA TRANSACCIÓN
campo de control 20240920150304.0
006 - CÓDIGOS DE INFORMACIÓN DE LONGITUD FIJA--CARACTERÍSTICAS DEL MATERIAL ADICIONAL
campo de control de longitud fija a||||fr|||| 00| 0
007 - CAMPO FIJO DE DESCRIPCIÓN FÍSICA--INFORMACIÓN GENERAL
campo de control de longitud fija ta
008 - DATOS DE LONGITUD FIJA--INFORMACIÓN GENERAL
campo de control de longitud fija 240725e2024 dr ad||| |||| 00| e spa d
020 ## - NÚMERO INTERNACIONAL ESTÁNDAR DEL LIBRO
Número Internacional Estándar del Libro 9789945800074
040 ## - FUENTE DE LA CATALOGACIÓN
Centro catalogador/agencia de origen DO-SdBNP
Lengua de catalogación spa
Centro/agencia transcriptor BNPHU
Normas de descripción rda
041 ## - CÓDIGO DE LENGUA
Código de lengua del texto/banda sonora o título independiente spa
082 #4 - NÚMERO DE LA CLASIFICACIÓN DECIMAL DEWEY
Número de clasificación 0
Número de documento/Ítem M672i
Número de edición 22
100 1# - ENTRADA PRINCIPAL--NOMBRE DE PERSONA
Nombre de persona Miranda Villalona, Germán Daniel,
Término indicativo de función/relación autor
Código de función/relación aut.
9 (RLIN) 86170
245 10 - MENCIÓN DE TÍTULO
Título Impacto Ley número 155-17, contra lavado de activos y financiamiento del terrorismo, en los sujetos obligados financieros y no financieros República Dominicana /
Mención de responsabilidad, etc. Germán Daniel Miranda Villalona ; prólogo, Heiromy Ysaac Castro Milanes.
246 14 - FORMA VARIANTE DE TÍTULO
Título propio/Titulo breve Tesis para optar por el título de Maestría en Ciencias Penales.
264 #4 - PRODUCCIÓN, PUBLICACIÓN, DISTRIBUCIÓN, FABRICACIÓN Y COPYRIGHT
Producción, publicación, distribución, fabricación y copyright Santo Domingo :
Nombre del de productor, editor, distribuidor, fabricante Librería Jurídica Global,
Fecha de producción, publicación, distribución, fabricación o copyright ©2024
300 ## - DESCRIPCIÓN FÍSICA
Extensión xvii, 137 páginas :
Otras características físicas ilustraciones, gráficas ;
Dimensiones 23 cm.
336 ## - TIPO DE CONTENIDO
Término de tipo de contenido texto
Código de tipo de contenido txt
Fuente rdacontent
337 ## - TIPO DE MEDIO
Nombre/término del tipo de medio sin mediación
Código del tipo de medio n
Fuente rdamedia
338 ## - TIPO DE SOPORTE
Nombre/término del tipo de soporte volumen
Código del tipo de soporte nc
Fuente rdacarrier
500 ## - NOTA GENERAL
Nota general Tesis cuarto nivel para optar por el título, Maestría en Ciencias Penales.
504 ## - NOTA DE BIBLIOGRAFÍA, ETC.
Nota de bibliografía, etc. Bibliografía: p. 103-107
505 ## - NOTA DE CONTENIDO CON FORMATO
Nota de contenido con formato Prólogo.--
Título Introducción.--
-- Capítulo I: Selección de Aspectos Metodológicos.--
-- Capítulo II: Impacto Ley Número 155-17, Contra Lavado de Activo y Financiamiento del Terrorismo, en los Sujetos Obligados Financieros y no Financieros República Dominicana.--
-- Capítulo III: Congelamiento Preventivo de Bienes en Virtud de Resoluciones del Consejo de Seguridad de las Naciones Unidas, Rol de los Sujetos Obligados.--
-- Capítulo IV: Análisis comparativo de Sujetos Obligados en Legislaciones de otros países.--
-- Apéndices y Anexos.
590 ## - NOTA LOCAL (RLIN)
Nota local Inventariado 2024 / MF
650 #4 - PUNTO DE ACCESO ADICIONAL DE MATERIA--TÉRMINO DE MATERIA
Término de materia o nombre geográfico como elemento de entrada Lavado de Dinero
Subdivisión de forma Tesis y Disertaciones Académicas
Subdivisión geográfica República Dominicana
9 (RLIN) 7252
651 #4 - PUNTO DE ACCESO ADICIONAL DE MATERIA--NOMBRE GEOGRÁFICO
Nombre geográfico República Dominicana
Subdivisión de forma Tesis y Disertaciones Académicas
Subdivisión general LEY 137-03 Contra Lavado de Activos y Financiamiento del Terrorismo,
9 (RLIN) 56699
700 1# - PUNTO DE ACCESO ADICIONAL--NOMBRE DE PERSONA
Nombre de persona Castro Milanes, Heiromy Ysaac,
Término indicativo de función/relación prologuista
Código de función/relación pr.
9 (RLIN) 86171
942 ## - ELEMENTOS DE PUNTO DE ACCESO ADICIONAL (KOHA)
Fuente del sistema de clasificación o colocación Dewey Decimal Classification
Tipo de ítem Koha Libro
Holdings
Estado de retiro Estado de pérdida Fuente del sistema de clasificación o colocación Restricciones de uso No para préstamo Código de colección Localización permanente Ubicación/localización actual Ubicación en estantería Fecha de adquisición Fuente de adquisición Total de préstamos Signatura topográfica completa Código de barras Fecha visto por última vez Precio válido a partir de Tipo de ítem Koha Número de copia
    Dewey Decimal Classification Excluido de préstamo   Patrimonio Dominicano Biblioteca Nacional Pedro Henríquez Ureña Biblioteca Nacional Pedro Henríquez Ureña En catalogación 27.06.2024 Depósito Legal   M672i 2024-4626 25.07.2024 25.07.2024 Libro  
    Dewey Decimal Classification Excluido de préstamo   Patrimonio Dominicano Biblioteca Nacional Pedro Henríquez Ureña Biblioteca Nacional Pedro Henríquez Ureña En catalogación 27.06.2024 Depósito Legal   M672i 2024-4632 26.07.2024 26.07.2024 Libro e.2

Powered by Koha